[Event "GER-ch Net Amateur Gr-C Final"]
[Site "Playchess.com INT"]
[Date "2020.04.18"]
[Round "11"]
[White "Sikorsky, Reinhard"]
[Black "Radeke, Rico"]
[Result "0-1"]
[WhiteElo "1690"]
[BlackElo "1431"]
[PlyCount "82"]
[EventDate "2020.04.18"]
[EventType "swiss (blitz)"]
[EventRounds "13"]
[EventCountry "GER"]
[SourceTitle "CBM 195 Extra"]
[Source "ChessBase"]
[SourceDate "2020.05.31"]
[SourceVersion "1"]
[SourceVersionDate "2020.05.31"]
[SourceQuality "1"]

1. e4 c5 2. Nf3 d6 3. d4 cxd4 4. Nxd4 Nc6 5. Nc3 Nf6 6. Be2 g6 7. 0-0 Bg7 8. Be3 0-0 9. f4 Nxd4 10. Bxd4 Bd7 11. Qe1 Bc6 12. Bf3 b6 13. Rd1 Rc8 14. Qh4 Rc7 15. g4 Qa8 16. Bxf6 Bxf6 17. g5 Bg7 18. Rd3 Bxc3 19. Rxc3 Rfc8 20. Re3 Bb5 21. Rf2 Rxc2 22. Rxc2 Rxc2 23. Re1 Qc6 24. Qh3 Qc5+ 25. Kh1 Rc1 26. Qg3 Qe3 27. Rxc1 Qxc1+ 28. Kg2 Qxb2+ 29. Qf2 Qxf2+ 30. Kxf2 Bc4 31. a3 f5 32. exf5 gxf5 33. Ke3 Kf7 34. Kd4 Bb3 35. Kc3 Ba2 36. Kb4 a6 37. Be2 b5 38. Ka5 Bc4 39. Kxa6 Bxe2 40. Ka5 e5 41. fxe5 dxe5 0-1

[Event "GER-ch Net Amateur Gr-C Final"]
[Site "Playchess.com INT"]
[Date "2020.04.18"]
[Round "9"]
[White "Winkler, Andreas"]
[Black "Sikorsky, Reinhard"]
[Result "0-1"]
[WhiteElo "1544"]
[BlackElo "1690"]
[PlyCount "72"]
[EventDate "2020.04.18"]
[EventType "swiss (blitz)"]
[EventRounds "13"]
[EventCountry "GER"]
[SourceTitle "CBM 195 Extra"]
[Source "ChessBase"]
[SourceDate "2020.05.31"]
[SourceVersion "1"]
[SourceVersionDate "2020.05.31"]
[SourceQuality "1"]

1. e4 c5 2. Nf3 d6 3. d4 cxd4 4. Nxd4 Nf6 5. Nc3 Nc6 6. Bc4 e6 7. 0-0 Be7 8. Nxc6 bxc6 9. Re1 0-0 10. Bg5 d5 11. exd5 cxd5 12. Bd3 Qb6 13. Na4 Qa5 14. c3 Bb7 15. b4 Qc7 16. Rc1 h6 17. Bxf6 Bxf6 18. Nc5 Bc6 19. Qe2 Rfe8 20. a4 Rad8 21. Bb5 e5 22. Bxc6 Qxc6 23. Qf3 e4 24. Qg4 Re5 25. f4 exf3 26. Rxe5 f2+ 27. Kxf2 Bxe5 28. Qf3 Rd6 29. Kg1 Rf6 30. Qe3 Bf4 31. Qe1 Bxc1 32. Qxc1 Qe8 33. h3 Qe2 34. Kh2 Rf1 35. Nd3 Qxd3 36. Qb2 Qe3 0-1

[Event "GER-ch Net Amateur Gr-C Vor2"]
[Site "Playchess.com INT"]
[Date "2020.04.15"]
[Round "7"]
[White "Sikorsky, Reinhard"]
[Black "Hoffmann, Tom"]
[Result "0-1"]
[WhiteElo "1639"]
[BlackElo "1644"]
[PlyCount "82"]
[EventDate "2020.04.15"]
[EventType "swiss (blitz)"]
[EventRounds "9"]
[EventCountry "GER"]
[SourceTitle "CBM 196 Extra"]
[Source "ChessBase"]
[SourceDate "2020.07.31"]
[SourceVersion "1"]
[SourceVersionDate "2020.07.31"]
[SourceQuality "1"]

1. e4 e5 2. Nf3 Nc6 3. Bc4 Bc5 4. d3 Nf6 5. 0-0 0-0 6. c3 d6 7. d4 exd4 8. cxd4 Bb4 9. a3 Ba5 10. b4 Bb6 11. d5 Ne7 12. Nbd2 Bg4 13. Qb3 Re8 14. Bb2 Ng6 15. h3 Bd7 16. Rae1 a6 17. Kh1 Ba7 18. Nd4 b5 19. Bd3 c5 20. dxc6 Bxd4 21. Bxd4 Bxc6 22. f3 d5 23. e5 Nd7 24. f4 Qh4 25. Bxg6 hxg6 26. Qf3 f6 27. Kh2 f5 28. g3 Qe7 29. g4 fxg4 30. Qxg4 Qe6 31. Qg3 Rac8 32. Nf3 Bb7 33. Ng5 Rc2+ 34. Kg1 Qf5 35. Qh4 Qd3 36. Qh7+ Kf8 37. Qh8+ Ke7 38. Qxg7+ Kd8 39. Ne6+ Kc8 40. Qf7 Qg3+ 41. Kh1 Qg2# 0-1

[Event "GER-ch Net Amateur Gr-C Vor2"]
[Site "Playchess.com INT"]
[Date "2020.04.15"]
[Round "2"]
[White "Sikorsky, Reinhard"]
[Black "Mishra, Sanyukt"]
[Result "1-0"]
[WhiteElo "1639"]
[BlackElo "1335"]
[PlyCount "67"]
[EventDate "2020.04.15"]
[EventType "swiss (blitz)"]
[EventRounds "9"]
[EventCountry "GER"]
[SourceTitle "CBM 196 Extra"]
[Source "ChessBase"]
[SourceDate "2020.07.31"]
[SourceVersion "1"]
[SourceVersionDate "2020.07.31"]
[SourceQuality "1"]

1. e4 c5 2. Nf3 a6 3. d4 cxd4 4. Nxd4 Nf6 5. Nc3 e5 6. Nf3 Bb4 7. Bd3 d5 8. exd5 e4 9. 0-0 Bxc3 10. bxc3 0-0 11. Bxe4 Nxe4 12. Qd4 Bf5 13. g4 Bg6 14. Ne5 Nf6 15. c4 Nbd7 16. Nxg6 fxg6 17. Ba3 Rf7 18. Rab1 Rb8 19. Bd6 Ra8 20. Rxb7 Ne8 21. Bg3 Qg5 22. c5 Ndf6 23. d6 Rxb7 24. c6 Rbb8 25. d7 Nxd7 26. cxd7 Rd8 27. dxe8Q+ Rxe8 28. Qc4+ Kh8 29. Rd1 Rg8 30. Rd7 Qf6 31. Qc7 Qg5 32. h3 Qf6 33. Be5 Qf5 34. Rxg7 1-0